000 00555 a2200157 4500
020 _a0130281875
040 _aDLC
_bDLC
082 0 0 _a005.8
100 1 _aToxen, Bob.
245 1 0 _aReal-world Linux security :intrusion, prevention, detection,and recovery
_cBob Toxen.
260 _aUpper Saddle River, NJ :
_bPrentice Hall,
_c2001.
300 _axxx, 694 p. :
_bill. ;
_c24 cm.
_e+1 computer laser optical disc (4 3/4 in.)
440 0 _aPrentice Hall PTR open source technology series
650 0 _aOperating systems (Computers)
942 _cBK
_k005.8 TOX
_2ddc
999 _c6730
_d6730